=LDR 00000nam 2200000 4500 =001 INLIS000000000008691 =005 20130612100528 =008 ***********************************Ind** =035 ##$$0010-061300000008691 =041 ##$$a Ind =082 ##$$a 372.304 =090 ##$$a 372.304, Zuk i =100 ##$$a Zukarman =245 ##$$a IPa kls iv 2A, Soekarman =260 ##$$a 2000 $b Semarang =300 ##$$a 90 hlm, Ilus6c30 cm =650 ##$$a Pend Dasar Sain - Kurikulum